Siren Song. Chilean water law as a model for International Reform

Guardat en:
Dades bibliogràfiques
Autor principal: Bauer, Carl Jonathan (Autor)
Format: Llibre
Idioma:espanyol
Publicat: Washington, D.C Resources for the Future 2004
Matèries:
Etiquetes: Afegir etiqueta
Sense etiquetes, Sigues el primer a etiquetar aquest registre!

MARC

LEADER 00000nam a2200000 a 4500
001 UCG5637
003 CL-VaPUC
008 110310e20040000US |||||||||||||||||spa|d
020 |a 1891853791 
082 0 4 |a 346.8304  |b BAU  |2 21 
100 0 |a Bauer, Carl Jonathan  |e author  |9 555339 
245 1 0 |a Siren Song. Chilean water law as a model for International Reform 
300 |a 173 p 
942 |c BK 
945 |d 20110310 00:00:00  |a jcampos 
260 |a Washington, D.C  |b Resources for the Future  |c 2004 
600 0 7 |a CHILE  |2 CL-VaPUC  |9 544753 
650 0 |a Derecho y legislación   |9 255077 
650 7 |a POLITICAS DE GOBIERNOS  |2 CL-VaPUC  |9 555340 
650 0 |a Abastecimiento de agua  |9 260374 
650 0 |a Agua  |9 257149 
583 |a last modification  |c 20110310 00:00:00  |k Rodrigo Vera 
999 |c 344040  |d 344038